000 00649nam a2200241Ia 4500
003 OSt
005 20220918212144.0
006 a|||||r|||| 00| 0
007 ta
008 220917b |||||||| |||| 00| 0 eng d
024 _a127,504
037 _cTextual
040 _aARTS
_cARTS
_beng
041 _2eng
_aeng
082 _aW6-7:58(Y8), N5
100 _aCohen J
245 0 _aAssociation and democracy
_b The real Utopia project
260 _aLondon
_bVerso
_c1995
650 _aPOLITICAL SCIENCE
700 _a Rogers J
_9122708
942 _hW6-7:58(Y8), N5
_cTEXL
_2CC
999 _c250646
_d250646